Tepotzotlán (Record no. 6680)

MARC details
000 -CABECERA
campo de control de longitud fija 01265nam a2200313 a 4500
001 - NÚMERO DE CONTROL
campo de control BRCA_6999
005 - FECHA Y HORA DE LA ÚLTIMA TRANSACCIÓN
campo de control 20190320205655.0
008 - DATOS DE LONGITUD FIJA--INFORMACIÓN GENERAL
campo de control de longitud fija 070212s1940----mx-a######---#000-0#spa-#
041 ## - CÓDIGO DE LENGUA
Código de lengua del texto/banda sonora o título independiente spager
044 ## - CÓDIGO DEL PAÍS DE LA ENTIDAD EDITORA/PRODUCTORA
Código MARC del país mx
050 #4 - SIGNATURA TOPOGRÁFICA DE LA BIBLIOTECA DEL CONGRESO
Número de clasificación F1391
Número de documento/Ítem .W38 1940
100 1# - ENTRADA PRINCIPAL--NOMBRE DE PERSONA
Nombre de persona Wuthenau, Alexander von
9 (RLIN) 17413
245 10 - MENCIÓN DE TÍTULO
Título Tepotzotlán
Mención de responsabilidad, etc. Alexander von Wuthenau ; fotografías a color de Berthold von Stetten ; ilustraciones y grabados en blanco y negro por Rachelle von Wuthenau.
260 ## - PUBLICACIÓN, DISTRIBUCIÓN, ETC.
Lugar de publicación, distribución, etc. México
Nombre del editor, distribuidor, etc. Stetten Fotocolor
Fecha de publicación, distribución, etc. 1940
300 ## - DESCRIPCIÓN FÍSICA
Extensión iv, 13 p.
Otras características físicas il. (algunas a color) 7 láminas
Dimensiones 36 cm.
440 #0 - MENCIÓN DE SERIE/PUNTO DE ACCESO ADICIONAL--TÍTULO
Título Arte y color en México
Designación de volumen o secuencia 1
9 (RLIN) 17414
500 ## - NOTA GENERAL
Nota general Esta edición se encuentra en el Área de Investigación
500 ## - NOTA GENERAL
Nota general La biblioteca cuenta con un 2º ejemplar perteneciente al Fondo General Franz Mayer (Y112)
500 ## - NOTA GENERAL
Nota general Donación de Joaquín von Mentz
546 ## - NOTA DE LENGUA/LENGUAJE
Nota de lengua/lenguaje Texto en español y alemán
650 14 - PUNTO DE ACCESO ADICIONAL DE MATERIA--TÉRMINO DE MATERIA
Término de materia o nombre geográfico como elemento de entrada Arte
Subdivisión geográfica Tepotzotlán, México (Estado)
9 (RLIN) 17415
650 14 - PUNTO DE ACCESO ADICIONAL DE MATERIA--TÉRMINO DE MATERIA
Término de materia o nombre geográfico como elemento de entrada Arte colonial
9 (RLIN) 7904
650 14 - PUNTO DE ACCESO ADICIONAL DE MATERIA--TÉRMINO DE MATERIA
Término de materia o nombre geográfico como elemento de entrada Conventos y monasterios
Subdivisión geográfica México
9 (RLIN) 9892
651 #4 - PUNTO DE ACCESO ADICIONAL DE MATERIA--NOMBRE GEOGRÁFICO
Nombre geográfico Tepotzotlán, México (Estado)
Subdivisión general Descripción
9 (RLIN) 17416
700 1# - PUNTO DE ACCESO ADICIONAL--NOMBRE DE PERSONA
Nombre de persona Stetten, Berthold von
9 (RLIN) 17417
700 1# - PUNTO DE ACCESO ADICIONAL--NOMBRE DE PERSONA
Nombre de persona Wuthenau, Rachelle von
9 (RLIN) 17418
740 0# - PUNTO DE ACCESO ADICIONAL--TÍTULO RELACIONADO O ANALÍTICO NO CONTROLADO
Título relacionado o analítico no controlado Kunst und Farbe in Mexiko
942 ## - ELEMENTOS DE PUNTO DE ACCESO ADICIONAL (KOHA)
Fuente del sistema de clasificación o colocación Library of Congress Classification
Tipo de ítem Koha Libros
Holdings
Estado de retiro Estado de pérdida Estado dañado No para préstamo Localización permanente Ubicación/localización actual Fecha de adquisición Total de préstamos Signatura topográfica completa Código de barras Fecha visto por última vez Precio válido a partir de Tipo de ítem Koha
El ejemplar forma parte de la colección y puede ser consultado según las políticas vigentes.       Biblioteca del Museo Franz Mayer (Rogerio Casas-Alatriste) Biblioteca del Museo Franz Mayer (Rogerio Casas-Alatriste) 23/11/2011   F1391 .W38 1940 02670 22/03/2019 22/03/2019 Libros